000 00436nam a2200145Ia 4500
008 100122s9999 xx 000 0 und d
082 _b22922
_a823.08
100 _aबनहट्टी राजेंद्र
245 _aशंभूराव
260 _bइनामदार बंधु प्रकाशन
_c1976
300 _a99
630 _aशंभूराव
730 _aशंभूराव
942 _cBOOK
999 _c410580
_d410577